| 000 | 00724nam a22002177i 4500 | ||
|---|---|---|---|
| 999 |
_c23002 _d23002 |
||
| 003 | AR-CdUCM | ||
| 008 | 240823b20212021 mx||||| |||| 00| 0 spa d | ||
| 020 | _a978-607-8712-83-0 | ||
| 040 |
_aMUNICIPALIDAD PROVINCIAL DEL CUSCO _cBIBLIOTECA MUNICIPAL DEL CUSCO |
||
| 082 |
_a374 / M11A _bM11A |
||
| 100 |
_aMaxwell, John C. _950248 |
||
| 245 | _aEl ABC de las relaciones / | ||
| 260 |
_aMexico : _bVR Editores, _c2021 |
||
| 300 |
_a110 páginas. : _c21 cm |
||
| 505 | _aLas relaciones personales -- Elementos de las relaciones personales -- Crecimiento personal | ||
| 650 |
_aPsicologĂa _91538 |
||
| 650 |
_aRelaciones humanas _99912 |
||
| 650 |
_aAutoayuda _950249 |
||
| 942 |
_2ddc _cLIBROS |
||
| 945 |
_apbj _d2024-08-23 |
||